[Event "CP-2018-Q-00002"]
[Site "LSS email"]
[Date "2018.11.28"]
[Round "?"]
[White "Chumanov, Valeriy"]
[Black "Martins, Karin"]
[Result "1-0"]
[WhiteElo "2330"]
[BlackElo "1636"]
[PlyCount "101"]
[EventDate "2018.12.01"]
[EventType "tourn (corr)"]
[EventRounds "6"]
[EventCountry "GER"]
[SourceTitle "Corr 2022"]
[Source "ChessBase"]
[SourceDate "2021.10.24"]
[SourceVersion "1"]
[SourceVersionDate "2021.10.24"]
[SourceQuality "1"]

1. c4 e6 2. d4 d5 3. Nf3 Nf6 4. Nc3 Be7 5. Bf4 0-0 6. e3 c5 7. dxc5 Bxc5 8. Qc2 Qa5 9. Be2 Nc6 10. 0-0 dxc4 11. Bxc4 Be7 12. a3 Qc5 13. Bd3 a5 14. h3 h6 15. Rac1 Bd6 16. Bxd6 Qxd6 17. Rfd1 Qe7 18. e4 Rd8 19. e5 Nd5 20. Qa4 Bd7 21. Qe4 g6 22. Nb5 Be8 23. Bf1 Ra6 24. Rd2 Rb6 25. Re1 Bd7 26. Nc3 Nxc3 27. bxc3 Rb3 28. Qe3 Kh7 29. Red1 Rxa3 30. Bb5 Nb8 31. Nh2 h5 32. g4 a4 33. gxh5 gxh5 34. Bd3+ Kg7 35. Be4 Rh8 36. Nf3 Be8 37. Rd6 Kf8 38. Kh1 Nd7 39. Bxb7 Rb3 40. Bc6 a3 41. Nd4 Rb8 42. Rg1 Nxe5 43. Qxe5 Rg8 44. Bd5 a2 45. Bxa2 Rb5 46. Nxb5 Qb7+ 47. Rd5 Rxg1+ 48. Kxg1 exd5 49. Nd6 Qb8 50. Qf6 Qxd6 51. Qxd6+ 1-0